माही संदेश (Record no. 205992)
[ view plain ]
| 000 -LEADER | |
|---|---|
| fixed length control field | 00571nam a2200121 4500 |
| 008 - FIXED-LENGTH DATA ELEMENTS--GENERAL INFORMATION | |
| fixed length control field | 240927b |||||||| |||| 00| 0 eng d |
| 022 ## - INTERNATIONAL STANDARD SERIAL NUMBER | |
| International Standard Serial Number | 25819208 |
| 245 ## - TITLE STATEMENT | |
| Title | माही संदेश |
| Remainder of title | दस्तक दिल तक |
| Statement of responsibility, etc | प्रमोद शर्मा |
| Medium | हिन्दी |
| 260 ## - PUBLICATION, DISTRIBUTION, ETC. (IMPRINT) | |
| Place of publication, distribution, etc | जयपुर |
| Name of publisher, distributor, etc | कांति ऑफसेट प्रिंटेर्स |
| Date of publication, distribution, etc | 2024 |
| 300 ## - PHYSICAL DESCRIPTION | |
| Extent | वर्ष ७ |
| Dimensions | 23 CM (आजिल्द) |
| 700 ## - ADDED ENTRY--PERSONAL NAME | |
| Personal name | नन्दन,रोहित कृष्ण |
| Relator term | संपादक |
| 9 (RLIN) | 72147 |
| 942 ## - ADDED ENTRY ELEMENTS (KOHA) | |
| Source of classification or shelving scheme | Dewey Decimal Classification |
| Item type | Periodicals |
| Call number suffix | माहीस |
| Serial record | 1 |
| Withdrawn status | Lost status | Source of classification or shelving scheme | Damaged status | Not for loan | Collection code | Home library | Current library | Shelving location | Date acquired | Source of acquisition | Cost, normal purchase price | Total Checkouts | Full call number | Date last seen | Copy number | Cost, replacement price | Price effective from | Koha item type |
|---|---|---|---|---|---|---|---|---|---|---|---|---|---|---|---|---|---|---|
| Dewey Decimal Classification | Not For Loan | Non-fiction | Central Library | Central Library | On Display | 27/09/2024 | DBAD | 35.00 | माहीस | 27/09/2024 | 1 | 35.00 | 27/09/2024 | Periodicals |
